000 00520nam a2200181Ia 4500
005 20250508161629.0
008 008 250505s9999 xx 000 0 eng d
037 _aTextual
040 _aFEDL
_beng
_cFEDL
041 _aeng
_2eng
084 _a821, SPE
_qFEDL
100 _aElliott John R Ed.
_9771110
245 0 _aPrince of poets: Essays on edmund spenser
260 _aNew York, USA
_bNew York University Press
_c1968
300 _axix,331p.
942 _cTEXL
_h821, SPE
999 _c1371224
_d1371224